| 000 | 00528nam a2200193Ia 4500 | ||
|---|---|---|---|
| 999 |
_c17013 _d17013 |
||
| 003 | 0100 | ||
| 005 | 20171017100156.0 | ||
| 008 | 130303s9999 xx 000 0 und d | ||
| 040 | _cARRUPELIB | ||
| 050 | _aB765 .T54D53 | ||
| 100 |
_aGoheen, John _937133 |
||
| 245 | 4 | _aThe problem of matter and form in the De ente et essentia of Thomas Aquinas | |
| 260 | _aCambridge, Mass. | ||
| 260 | _bHavard University Press | ||
| 300 | _a137p. | ||
| 300 | _b 20cm. | ||
| 600 |
_aThomas Aquinas, St. . On essence and being _937134 |
||
| 650 |
_bReligion - Dictionaries _937135 |
||
| 650 |
_cEliada , Mircea, 1907 - 1986 _937136 |
||
| 942 |
_2lcc _cMONOGRAPH |
||